[Event "Montseny op 3rd"]
[Site "Montseny"]
[Date "2012.05.12"]
[Round "5"]
[White "Arroyo Andrades, Alberto"]
[Black "Pinilla Sanchez, Josep A"]
[Result "1/2-1/2"]
[WhiteElo "1698"]
[BlackElo "1950"]
[PlyCount "52"]
[EventDate "2012.04.14"]
[EventType "swiss"]
[EventRounds "8"]
[EventCountry "ESP"]
[SourceTitle "CBM 148 Extra"]
[Source "ChessBase"]
[SourceDate "2012.06.22"]
[SourceVersion "1"]
[SourceVersionDate "2012.06.22"]
[SourceQuality "1"]

1. e4 d5 2. exd5 Nf6 3. Bc4 Nxd5 4. Qf3 Nf6 5. d3 Nc6 6. Bb5 Bd7 7. Be3 e5 8. Nc3 a6 9. Ba4 Bb4 10. Nge2 Qe7 11. 0-0 0-0-0 12. Bg5 Qd6 13. Bxf6 Qxf6 14. Qxf6 gxf6 15. Nd5 b5 16. Nxb4 Nxb4 17. Bb3 Be6 18. Bxe6+ fxe6 19. Rfc1 Rhg8 20. a3 Nd5 21. c4 Nf4 22. Nxf4 exf4 23. cxb5 axb5 24. Rc6 Rd6 25. Rac1 Rxc6 26. Rxc6 Kd7 1/2-1/2